000 01562nam a2200121Ia 4500
008 220615s9999||||xx |||||||||||||| ||und||
245 0 _aσ- and π-Hole Interactions
546 _aEnglish[eng]
650 _anon-covalent interactions||regium bonds||silver(I)||coinage metals||pyrazolates||phosphines||halogen bonding||hydrogen bonding sigma-hole interactions||theoretical studies||characterizations||noncovalent interactions||Lewis acids||Lewis bases||spodium bonds||σ/π-hole interactions||EDTA||2,6-diaminopurine||cadmium||co-crystal||H-bonding||π–π stacking||triazinane||1,3,5-Triazacyclohexane||Hirshfeld surface analysis||DFT study||C–H···π interaction||hybridization of a nitrogen atom in sulfonamides||molecular cocrystal||sandwiched-layer structure||C–I···F halogen bonds||π···π stacking interactions||PBE0-D3(BJ) calculations||secondary bonding||supramolecular||crystal engineering||tetrel bonding||pnictogen bonding||chalcogen bonding||selenium||structural chemistry||main group elements||π–hole interaction||substituent effects||vibrational spectroscopy||local vibrational mode theory||direct measure for π–hole interaction strength||noncovalent interaction||hydrogen bonding||nickel||Schiff bases||crystallography||σ-hole||π-hole||crystal growth||supramolecular chemistry||σ-hole interactions||self-assembly||scanning tunneling microscopy
700 _aFrontera, Antonio
856 _uhttps://mdpi.com/books/pdfview/book/3551
942 _cEB
999 _c15485
_d15485